[Event "Wch Seniors 65 26th"]
[Site "Marianske Lazne"]
[Date "2016.11.26"]
[Round "7"]
[White "Bernardo Jimenez, Fernando"]
[Black "Peierl, Walter"]
[Result "1/2-1/2"]
[WhiteElo "1926"]
[BlackElo "1741"]
[PlyCount "69"]
[EventDate "2016.11.19"]
[EventType "swiss"]
[EventRounds "11"]
[EventCountry "CZE"]
[SourceTitle "CBM 175 Extra"]
[Source "ChessBase"]
[SourceDate "2016.12.12"]
[SourceVersion "1"]
[SourceVersionDate "2016.12.12"]
[SourceQuality "1"]

1. d4 Nf6 2. c4 e6 3. Nf3 d5 4. e3 Be7 5. Bd3 Nbd7 6. Nc3 a6 7. cxd5 exd5 8. 0-0 h6 9. Qe2 0-0 10. b3 Re8 11. Bb2 Bd6 12. Rfc1 c6 13. Rc2 Nf8 14. Na4 Ne6 15. Rac1 Nf4 16. Qd2 Nxd3 17. Qxd3 Ne4 18. Re2 Bg4 19. Ree1 Bxf3 20. gxf3 Bxh2+ 21. Kf1 Ng5 22. e4 Qf6 23. e5 Qxf3 24. Qxf3 Nxf3 25. Re3 Nd2+ 26. Ke2 Ne4 27. Rh1 Bf4 28. Rf3 Bg5 29. Rfh3 Bd8 30. f3 Ng5 31. Rg3 Re6 32. Nc5 Re7 33. f4 Ne6 34. Nxe6 fxe6 35. Rxh6 1/2-1/2

[Event "Wch Seniors 65 26th"]
[Site "Marianske Lazne"]
[Date "2016.11.24"]
[Round "6"]
[White "Filzmaier, Bruno"]
[Black "Bernardo Jimenez, Fernando"]
[Result "1/2-1/2"]
[WhiteElo "1760"]
[BlackElo "1926"]
[PlyCount "41"]
[EventDate "2016.11.19"]
[EventType "swiss"]
[EventRounds "11"]
[EventCountry "CZE"]
[SourceTitle "CBM 175 Extra"]
[Source "ChessBase"]
[SourceDate "2016.12.12"]
[SourceVersion "1"]
[SourceVersionDate "2016.12.12"]
[SourceQuality "1"]

1. a3 d5 2. e3 Nf6 3. d4 Bf5 4. Nf3 e6 5. b4 c6 6. c4 Nbd7 7. Bb2 Bd6 8. h3 0-0 9. Nbd2 Ne4 10. Be2 Bg6 11. 0-0 f5 12. Nb3 Qe7 13. Nc5 Nexc5 14. bxc5 Bc7 15. Rc1 Rfc8 16. Rc3 Rab8 17. Rb3 b6 18. cxd5 exd5 19. Ba6 Rd8 20. cxb6 axb6 21. Bd3 1/2-1/2

[Event "Wch Seniors 65 26th"]
[Site "Marianske Lazne"]
[Date "2016.11.19"]
[Round "1"]
[White "Bernardo Jimenez, Fernando"]
[Black "Gruzmann, Boris"]
[Result "0-1"]
[WhiteElo "1926"]
[BlackElo "2268"]
[PlyCount "96"]
[EventDate "2016.11.19"]
[EventType "swiss"]
[EventRounds "11"]
[EventCountry "CZE"]
[SourceTitle "CBM 175 Extra"]
[Source "ChessBase"]
[SourceDate "2016.12.12"]
[SourceVersion "1"]
[SourceVersionDate "2016.12.12"]
[SourceQuality "1"]

1. e4 c5 2. Nc3 d6 3. f4 Nc6 4. Nf3 g6 5. Bc4 Bg7 6. d3 e6 7. Be3 Nf6 8. Bb3 Ng4 9. Bd2 h5 10. Qe2 Nd4 11. Qf1 Bd7 12. h3 Nh6 13. Nxd4 cxd4 14. Ne2 a5 15. a4 b5 16. Qf2 bxa4 17. Bxa4 Bxa4 18. Rxa4 e5 19. 0-0 0-0 20. Rfa1 f5 21. Rxa5 Rxa5 22. Rxa5 fxe4 23. dxe4 Qc7 24. Bb4 Qxc2 25. Bxd6 d3 26. Nc3 Rxf4 27. Qxc2 dxc2 28. Ra1 Nf7 29. Ba3 Bh6 30. Rc1 Rxe4 31. Rxc2 Be3+ 32. Kh2 Rc4 33. Re2 Bd4 34. Ne4 h4 35. g3 hxg3+ 36. Kxg3 Nh6 37. Nd6 Nf5+ 38. Nxf5 gxf5 39. Kf3 Rc1 40. Rg2+ Kf7 41. Rg5 e4+ 42. Ke2 Kf6 43. Rg8 Rc2+ 44. Kd1 Rf2 45. Rf8+ Ke6 46. Re8+ Kd5 47. Rc8 e3 48. b4 Ke4 0-1